Quick Pick: Songs in Red Quiz Stats

 Plays Quiz Updated Apr 4, 2018

Challenge
Share
Tweet
Embed
Score 0/6 Timer 01:00
1 Play Today
% Correct
Prince and the Revolution
84.1%
Toby Keith
73.1%
Neil Diamond
57.3%
Peter Gabriel
47.6%
Rush
46.8%
U2
42.5%

Today's Daily Dose

Missing Word
No Snow!

Word Ladder
Wild Cats

On This Day
December 16th II

You're not logged in!

Compare scores with friends on all Sporcle quizzes.
OR
Log In

You Might Also Like...

Show Comments

Extras

Top Quizzes Today


Score Distribution

Your Account Isn't Verified!

In order to create a playlist on Sporcle, you need to verify the email address you used during registration. Go to your Sporcle Settings to finish the process.

Report this User

Report this user for behavior that violates our Community Guidelines.

Details: